Codi de la legislació administrativa de Catalunya / [compilació: ] Francesc Lliset i Borrell, Victòria Roig i Masdeu ] Francesc Lliset i Borrell, Victòria Roig i Masdeu
ISBN:
84-7028-158-5
Descripción Física:
950 p. ; 24 cm
MARC
| LEADER | 00000nam a2200000Ia 4500 | ||
|---|---|---|---|
| 001 | 17278 | ||
| 003 | AGDB | ||
| 005 | 20260324175706.0 | ||
| 008 | 160829s1994 xx 000 0 cat d | ||
| 017 | |a B 6494-1988 | ||
| 020 | |a 84-7028-158-5 | ||
| 080 | |a D-3-65 | ||
| 100 | |a Catalunya. Lleis, etc. |9 35754 | ||
| 245 | |a Codi de la legislació administrativa de Catalunya / [compilació: |b ] Francesc Lliset i Borrell, Victòria Roig i Masdeu | ||
| 260 | |a Barcelona : |b Bayer Hnos, |c 1988 | ||
| 300 | |a 950 p. ; |c 24 cm | ||
| 650 | |a Dret administratiu |x Legislació |x Catalunya |9 38017 | ||
| 700 | 1 | |a Lliset Borrell, Francisco, |d 1932-2010 |e compilador |9 3337 | |
| 700 | |a Roig i Masdeu, Victòria, comp. |9 38019 |e compilador | ||
| 901 | |a Arxiu | ||
| 942 | |n 1 |2 udc |c ARXIU | ||
| 952 | |0 1 |1 0 |2 udc |4 0 |5 2 |6 D365 |7 1 |9 48204 |a Arxiu |b Arxiu |d 2016-12-01 |l 0 |o D-3-65 |p 17278 |r 2016-12-01 00:00:00 |w 2016-12-01 |y ARXIU | ||
| 999 | |c 52010 |d 52010 | ||